THE ANALYTICAL HEBREW AND CHALDEE LEXICON (Record no. 7266)
[ view plain ]
| 000 -LEADER | |
|---|---|
| fixed length control field | 00595nam a2200181 4500 |
| 001 - CONTROL NUMBER | |
| control field | FRBNF375058130000004 |
| 003 - CONTROL NUMBER IDENTIFIER | |
| control field | http://catalogue.bnf.fr/ark:/12148/cb37505813z |
| 005 - DATE AND TIME OF LATEST TRANSACTION | |
| control field | 20250813130631.0 |
| 008 - FIXED-LENGTH DATA ELEMENTS--GENERAL INFORMATION | |
| fixed length control field | 250813b |||||||| |||| 00| 0 eng d |
| 020 ## - INTERNATIONAL STANDARD BOOK NUMBER | |
| International Standard Book Number | 0913573035 |
| 050 ## - LIBRARY OF CONGRESS CALL NUMBER | |
| Classification number | PJ 4833 |
| Item number | DAV |
| 100 ## - MAIN ENTRY--PERSONAL NAME | |
| Personal name | DAVIDSON, BENJAMIN |
| 245 ## - TITLE STATEMENT | |
| Title | THE ANALYTICAL HEBREW AND CHALDEE LEXICON |
| Statement of responsibility, etc. | BENJAMIN DAVIDSON |
| 260 ## - PUBLICATION, DISTRIBUTION, ETC. | |
| Place of publication, distribution, etc. | MASSACHUSETTS |
| Name of publisher, distributor, etc. | HENDRICKSON PUBLISHERS |
| Date of publication, distribution, etc. | c2000 |
| 300 ## - PHYSICAL DESCRIPTION | |
| Extent | x,; 784p.; |
| 700 ## - ADDED ENTRY--PERSONAL NAME | |
| Materials specified | 12544890 |
| Arranged statement for music | ISNI0000000081252701 |
| Personal name | Davidson |
| Numeration | Benjamin |
| Date of a work | 18..?-1871 |
| Relationship | 070 |
| 942 ## - ADDED ENTRY ELEMENTS (KOHA) | |
| Source of classification or shelving scheme | Library of Congress Classification |
| Koha item type | Reference |
| Suppress in OPAC | No |
| 999 ## - | |
| -- | 7266 |
| -- | 7266 |
| Withdrawn status | Lost status | Source of classification or shelving scheme | Damaged status | Not for loan | Collection | Home library | Current library | Shelving location | Date acquired | Total checkouts | Full call number | Barcode | Date last seen | Copy number | Price effective from | Koha item type |
|---|---|---|---|---|---|---|---|---|---|---|---|---|---|---|---|---|
| Library of Congress Classification | Reference | Undergraduate Library (Christ Temple) | Undergraduate Library (Christ Temple) | General stacks | 08/13/2025 | PJ 4833 DAV | ulct00004320 | 08/13/2025 | 1 | 08/13/2025 | Reference |